=LDR 00000nam 2200000 4500 =001 INLIS000000000050194 =005 20170425090217 =035 ##$$a 0010-0417000009 =007 ta =008 170425###########################0###### =020 ##$$a 978 - 602 - 72122 - 9 - 9 =082 ##$$a 375 =084 ##$$a 375 MAN m =100 #$$a Manab, Abdul =245 1#$$a Manajemen Perubahan Kurikulum : $b Mendesain Pembelajaran /$c Abdul Manab =250 ##$$a Cet.1 =260 ##$$a Yogyakarta :$b Kalimedia,$c 2015 =300 ##$$a xxviii, 285 hlm. : $b Ilus ; $c 20 cm. =650 ##$$a Kurikulum =990 ##$$a 72567256 =990 ##$$a 72567256 =990 ##$$a 31700963 =990 ##$$a 02201707256 =990 ##$$a 31700964 =990 ##$$a 31700963